[Event "TCh-CHN DivA Regular"]
[Site "Fuling CHN"]
[Date "2023.06.16"]
[Round "10.2"]
[Board "1"]
[White "Zhao, Jun"]
[Black "Li, Chao b"]
[Result "1/2-1/2"]
[WhiteTitle "GM"]
[BlackTitle "GM"]
[WhiteElo "2584"]
[BlackElo "2658"]
[WhiteTeam "Shandong"]
[BlackTeam "Beijing"]
[WhiteFideId "8602522"]
[BlackFideId "8604436"]
[EventDate "2023.06.05"]
[EventType "team"]

1. e4 e5 2. Nf3 Nf6 3. Nxe5 d6 4. Nf3 Nxe4 5. Nc3 Nxc3 6. dxc3 Be7 7. Be3 Nc6 8.
Qd2 Be6 9. O-O-O Qd7 10. Ng5 Bxg5 11. Bxg5 f6 12. Be3 O-O-O 13. b3 h5 14. h4 a6
15. f3 Rhe8 16. Bf2 Bf5 17. Be2 Re7 18. Rhe1 Rde8 19. Bf1 Rxe1 20. Rxe1 Rxe1+
21. Qxe1 Qe6 22. Qxe6+ Bxe6 23. Kd2 Ne5 24. Be2 Bf5 25. c4 c5 26. Bd3 Nxd3 27.
cxd3 a5 28. Kc3 b6 29. d4 Kd7 30. dxc5 dxc5 31. a3 Kc6 32. Bg3 Be6 33. Bf4 Bf5
34. Bg3 Be6 35. Bf4 Bf5 1/2-1/2

[Event "TCh-CHN DivA Regular"]
[Site "Fuling CHN"]
[Date "2023.06.16"]
[Round "10.2"]
[Board "2"]
[White "Xiu, Deshun"]
[Black "Liu, Qingnan"]
[Result "1-0"]
[WhiteTitle "GM"]
[BlackTitle "GM"]
[WhiteElo "2507"]
[BlackElo "2532"]
[WhiteTeam "Beijing"]
[BlackTeam "Shandong"]
[WhiteFideId "8603693"]
[BlackFideId "8603294"]
[EventDate "2023.06.05"]
[EventType "team"]

1. d4 d5 2. c4 c6 3. Nf3 Nf6 4. e3 e6 5. b3 Nbd7 6. Bd3 Bd6 7. Bb2 b6 8. O-O Bb7
9. Nbd2 Qe7 10. e4 dxe4 11. Nxe4 Nxe4 12. Bxe4 Nf6 13. Bc2 Ba3 14. Bc3 Bb4 15.
Bb2 Ba3 16. Bc3 Bb4 17. Qd2 a5 18. a3 Bxc3 19. Qxc3 O-O 20. b4 b5 21. c5 Nd5 22.
Qd3 g6 23. Qd2 Rfd8 24. Bb3 Qc7 25. g3 a4 26. Ba2 Bc8 27. Rfe1 Kg7 28. Re5 f6
29. Re4 Qf7 30. Rae1 Ra7 31. Qc1 Re7 32. R4e2 Nc7 33. Qb2 Qe8 34. h4 h5 35. Bb1
Rd5 36. Be4 Rd8 37. Bb1 Rd5 38. Nd2 Qf8 39. Be4 Rd8 40. Bxc6 Bd7 41. Bg2 Be8 42.
d5 Nxd5 43. Rxe6 Rxe6 44. Rxe6 Qf7 45. Re2 Ne7 46. Ne4 Nf5 47. Rd2 Qe7 48. Kh2
Bc6 49. Rxd8 Qxd8 50. Nxf6 Bxg2 51. Ne4+ Qd4 52. Qxd4+ Nxd4 53. Kxg2 Kf7 54. Nc3
Ke6 55. f3 Kd7 56. g4 Kc6 57. Kg3 Nc2 58. Nb1 Kd5 59. Kf4 Nd4 60. gxh5 gxh5 61.
Kg5 Nxf3+ 62. Kxh5 Ne5 63. Kg5 Nf3+ 64. Kg4 Nd4 65. h5 Ke5 66. Nc3 1-0

[Event "TCh-CHN DivA Regular"]
[Site "Fuling CHN"]
[Date "2023.06.16"]
[Round "10.2"]
[Board "3"]
[White "Huang, Renjie"]
[Black "Peng, Hongchi"]
[Result "1-0"]
[WhiteElo "2406"]
[BlackElo "2426"]
[WhiteTeam "Shandong"]
[BlackTeam "Beijing"]
[WhiteFideId "8610134"]
[BlackFideId "8609047"]
[EventDate "2023.06.05"]
[EventType "team"]

1. e4 c5 2. Nf3 Nc6 3. Bb5 g6 4. O-O Bg7 5. Nc3 Nd4 6. Re1 a6 7. Bf1 d6 8. Nxd4
cxd4 9. Ne2 e5 10. c3 dxc3 11. bxc3 Nf6 12. d4 O-O 13. f3 Qc7 14. a4 Rd8 15. Qb3
Be6 16. d5 Bc8 17. Be3 Nd7 18. Reb1 f5 19. Nc1 Nc5 20. Qb6 Qe7 21. Bxc5 dxc5 22.
Bc4 Kh8 23. Nd3 Bh6 24. Nxe5 Re8 25. Nd3 fxe4 26. Re1 e3 27. Nxc5 Bf5 28. Re2
Qe5 29. Qb3 b5 30. Bd3 bxa4 31. Qxa4 Qxc3 32. Bxf5 Qxc5 33. Bd7 Reb8 34. Bc6 Ra7
35. Rd1 Rb4 36. Qc2 Qd6 37. g3 Re7 38. Ra1 Bg7 39. Rxa6 Bd4 40. Bb7 Qe5 41. d6
Re8 42. d7 Rd8 43. Qc8 Qe7 44. Ra8 Bb6 45. Kg2 Rd4 46. Qc6 Rxa8 47. Qxb6 Raa4
48. Bc6 Rab4 49. Qc7 Rbc4 50. Qa7 Rd2 51. Rxd2 exd2 52. Qa1+ 1-0

[Event "TCh-CHN DivA Regular"]
[Site "Fuling CHN"]
[Date "2023.06.16"]
[Round "10.2"]
[Board "4"]
[White "Wang, Yu A."]
[Black "Zhang, Xiao"]
[Result "1-0"]
[WhiteTitle "IM"]
[WhiteElo "2255"]
[BlackElo "2147"]
[WhiteTeam "Beijing"]
[BlackTeam "Shandong"]
[WhiteFideId "8601097"]
[BlackFideId "8610894"]
[EventDate "2023.06.05"]
[EventType "team"]

1. e4 c6 2. d4 d5 3. exd5 cxd5 4. Bd3 Nc6 5. c3 Qc7 6. h3 Nf6 7. Nf3 e6 8. O-O
Bd6 9. Re1 O-O 10. Nbd2 a6 11. a4 b6 12. Nf1 h6 13. Qe2 Nd7 14. Bc2 Bb7 15. Qd3
Nf6 16. N3h2 h5 17. Bg5 Ne4 18. Bh4 f5 19. Qe2 g5 20. Bxe4 fxe4 21. Bxg5 Rf5 22.
Qxh5 Qg7 23. h4 Bf4 24. Ng3 Rxg5 25. hxg5 Bxg5 26. Qg4 Qf6 27. f4 Qxf4 28. Qxe6+
Qf7 29. Qg4 Qf4 30. Rf1 Qxg4 31. Nxg4 Na5 32. Rf5 Bh4 33. Nf6+ Kg7 34. Raf1 Kg6
35. Nfh5 Rh8 36. Nf4+ Kg7 37. Ne6+ Kg6 38. Nf8+ Kg7 39. Rf7+ Kh6 40. Nf5+ Kg5
41. Nxh4 1-0

[Event "TCh-CHN DivA Regular"]
[Site "Fuling CHN"]
[Date "2023.06.16"]
[Round "10.2"]
[Board "5"]
[White "Hu, Yu A."]
[Black "Li, Yunshan"]
[Result "0-1"]
[BlackTitle "WIM"]
[WhiteElo "2065"]
[BlackElo "2283"]
[WhiteTeam "Shandong"]
[BlackTeam "Beijing"]
[WhiteFideId "8609993"]
[BlackFideId "8607664"]
[EventDate "2023.06.05"]
[EventType "team"]

1. e4 c5 2. Nf3 e6 3. d4 cxd4 4. Nxd4 Nc6 5. Nc3 Qc7 6. g3 a6 7. Bg2 Nf6 8. O-O
Nxd4 9. Qxd4 Bc5 10. Bf4 d6 11. Qd2 h6 12. Rad1 e5 13. Be3 O-O 14. Bxc5 dxc5 15.
Qd6 Qxd6 16. Rxd6 Be6 17. Na4 Rac8 18. Nb6 Rcd8 19. Rfd1 Rxd6 20. Rxd6 Re8 21.
b3 Kf8 22. f4 Ke7 23. fxe5 Nd7 24. Nd5+ Kd8 25. Nf4 Kc7 26. Nxe6+ Rxe6 27. Rxe6
fxe6 28. Bh3 Nf8 29. Bg4 Kd7 30. Bh5 Ke7 31. Kf2 Nd7 32. Ke3 Nxe5 33. Kf4 Nc6
34. a3 g5+ 35. Ke3 Kd6 36. Bd1 Ke5 37. c3 Ne7 38. Bg4 Nc8 39. c4 Ne7 40. a4 Nc6
41. Bd1 Nd4 42. h3 Nc6 43. Bh5 Ne7 44. Bf7 Kd6 45. Kd3 Nc6 46. Bh5 Ke7 47. Ke3
Kf6 48. Kd3 Ne7 49. Be8 a5 50. Ke3 Ng8 51. Bd7 Ke5 52. Bc8 b6 53. Bb7 Ne7 54.
Ba8 h5 55. Bb7 Kf6 56. Kf3 Ng6 57. Ke3 h4 58. gxh4 Nxh4 59. Kf2 Ng6 60. Ke3 Nf4
61. Kf2 Ng6 62. Kg3 Ne5 0-1

[Event "TCh-CHN DivA Regular"]
[Site "Fuling CHN"]
[Date "2023.06.16"]
[Round "10.3"]
[Board "1"]
[White "Xu, Xiangyu"]
[Black "Xu, Jun"]
[Result "1-0"]
[WhiteTitle "GM"]
[BlackTitle "GM"]
[WhiteElo "2603"]
[BlackElo "2468"]
[WhiteTeam "Chengdu"]
[BlackTeam "Jiangsu"]
[WhiteFideId "8608288"]
[BlackFideId "8600031"]
[EventDate "2023.06.05"]
[EventType "team"]

1. d4 Nf6 2. Nf3 e6 3. Bf4 b6 4. h4 Bb7 5. e3 Be7 6. Bd3 c5 7. c3 d5 8. Nbd2
Nbd7 9. Ne5 c4 10. Bc2 b5 11. a3 a5 12. Qf3 Nxe5 13. Bxe5 O-O 14. Rh3 Ne8 15.
Qh5 f5 16. g4 Nf6 17. Bxf6 Rxf6 18. gxf5 exf5 19. Ke2 Qe8 20. Qxe8+ Rxe8 21. f4
Bd6 22. Kf2 b4 23. Nf3 bxc3 24. bxc3 Rb8 25. Rb1 Bc8 26. Rhh1 Rxb1 27. Rxb1 Bxa3
28. Rb5 a4 29. Bxa4 Be6 30. Ng5 h6 31. Rb8+ Bf8 32. Nxe6 Rxe6 33. Bd7 Rd6 34.
Bxf5 g6 35. Bg4 h5 36. Bf3 Kf7 37. Rb5 Ke6 38. e4 dxe4 39. Bxe4 Be7 40. Bxg6
Bxh4+ 41. Ke2 Kf6 42. Bxh5 Re6+ 43. Re5 Bg3 44. Bg4 Re7 45. Kf1 Bxf4 46. Rf5+
Kg6 47. Rxf4 Kg5 48. Rf8 Kxg4 49. Kf2 Rh7 50. Ke3 Rh3+ 51. Kd2 Rh2+ 52. Kc1 Kg5
53. Kb1 Kg4 54. Rc8 Kf4 55. Rxc4 Ke4 56. Rc5 Rg2 57. d5 Rd2 58. c4 Kd4 59. Rc6
Kc3 60. d6 Kb3 61. Kc1 Kc3 62. c5 Rh2 63. Kb1 Rb2+ 64. Ka1 Rd2 65. Rc8 Kb3 66.
Rb8+ Kc3 67. c6 Rd1+ 68. Rb1 Rxd6 69. Rc1+ Kb3 70. c7 Rd2 71. Rc3+ Kxc3 72.
c8=Q+ Kb3 73. Qb7+ Kc3 74. Qb5 Rc2 75. Kb1 Rd2 76. Qc5+ Kd3 77. Kc1 Re2 78. Qd5+
Ke3 79. Kd1 Rf2 80. Qe5+ 1-0

[Event "TCh-CHN DivA Regular"]
[Site "Fuling CHN"]
[Date "2023.06.16"]
[Round "10.3"]
[Board "2"]
[White "Chen, Qi b"]
[Black "Li, Di"]
[Result "1/2-1/2"]
[WhiteTitle "IM"]
[BlackTitle "GM"]
[WhiteElo "2484"]
[BlackElo "2575"]
[WhiteTeam "Jiangsu"]
[BlackTeam "Chengdu"]
[WhiteFideId "8614733"]
[BlackFideId "8607508"]
[EventDate "2023.06.05"]
[EventType "team"]

1. e4 e5 2. Nf3 Nc6 3. Bb5 Nf6 4. O-O Nxe4 5. Re1 Nd6 6. Nxe5 Be7 7. Bf1 Nxe5 8.
Rxe5 O-O 9. Nc3 Ne8 10. Nd5 Bd6 11. Re1 c6 12. Ne3 Be7 13. c4 Nc7 14. d4 d5 15.
cxd5 Bb4 16. Bd2 Bxd2 17. Qxd2 Nxd5 18. Nxd5 Qxd5 19. Re5 Qd6 20. Bc4 Bd7 21.
Rae1 b5 22. Bb3 a5 23. a4 bxa4 24. Bxa4 Be6 25. Rxa5 c5 26. Rxa8 Rxa8 27. Bc2
Qxd4 28. Qxd4 cxd4 29. Rd1 Ra2 30. Rxd4 g6 31. h3 Rxb2 32. Be4 Kg7 33. Bd5 Bxd5
34. Rxd5 Rb1+ 35. Kh2 Rb2 36. Kg1 Rb1+ 37. Kh2 Rb2 38. Kg1 1/2-1/2

[Event "TCh-CHN DivA Regular"]
[Site "Fuling CHN"]
[Date "2023.06.16"]
[Round "10.3"]
[Board "3"]
[White "Zhao, Yuanhe"]
[Black "Lin, Chen"]
[Result "1/2-1/2"]
[WhiteTitle "IM"]
[BlackTitle "GM"]
[WhiteElo "2461"]
[BlackElo "2509"]
[WhiteTeam "Chengdu"]
[BlackTeam "Jiangsu"]
[WhiteFideId "8609497"]
[BlackFideId "8602298"]
[EventDate "2023.06.05"]
[EventType "team"]

1. Nf3 d5 2. c4 c6 3. d4 Nf6 4. Nc3 dxc4 5. a4 Bf5 6. Ne5 Nbd7 7. Nxc4 Nb6 8.
Ne5 a5 9. h4 e6 10. f3 h6 11. e4 Bh7 12. Be3 Nfd7 13. Nd3 Bd6 14. Rh3 O-O 15. g4
Rc8 16. g5 h5 17. Rc1 Qe7 18. Be2 Nc4 19. Bf2 e5 20. d5 Ncb6 21. Qb3 c5 22. Qb5
c4 23. Bxb6 cxd3 24. Bxd3 Nxb6 25. Qxb6 Bc5 26. Qb3 Bg6 27. Kd2 Kh7 28. Kc2 Be3
29. Re1 Bd4 30. Kb1 Bxc3 31. bxc3 f6 32. f4 exf4 33. gxf6 Rxf6 34. e5 Bxd3+ 35.
Rxd3 f3 36. e6 f2 37. Rf1 Qd6 38. Re3 Qc5 39. Rd3 Qd6 40. Re3 Qc5 41. Rd3 1/2-1/2

[Event "TCh-CHN DivA Regular"]
[Site "Fuling CHN"]
[Date "2023.06.16"]
[Round "10.3"]
[Board "4"]
[White "Yuan, Ye"]
[Black "Chu, Ruotong"]
[Result "1/2-1/2"]
[BlackTitle "WIM"]
[WhiteElo "2194"]
[BlackElo "2166"]
[WhiteTeam "Jiangsu"]
[BlackTeam "Chengdu"]
[WhiteFideId "8608415"]
[BlackFideId "8605653"]
[EventDate "2023.06.05"]
[EventType "team"]

1. d4 d5 2. c4 dxc4 3. Nf3 Nf6 4. e3 e6 5. Bxc4 a6 6. O-O c5 7. Bb3 b5 8. a4 Bb7
9. axb5 axb5 10. Rxa8 Bxa8 11. dxc5 Nbd7 12. Nc3 b4 13. Na4 Qa5 14. Bd2 Bxc5 15.
Nxc5 Nxc5 16. Bc4 O-O 17. Nd4 Nfe4 18. Nc2 Nxd2 19. Qxd2 Ne4 20. Qxb4 Qxb4 21.
Nxb4 Nd2 22. Rc1 Rc8 23. b3 Bd5 24. Rd1 Nxc4 25. bxc4 Bxc4 26. f3 Kf8 27. Rd6
Bb5 28. Rb6 Ba4 29. Ra6 Bb5 30. Rb6 Ba4 31. Ra6 Bb5 32. Rb6 1/2-1/2

[Event "TCh-CHN DivA Regular"]
[Site "Fuling CHN"]
[Date "2023.06.16"]
[Round "10.3"]
[Board "5"]
[White "Ren, Xiaoyi"]
[Black "Guo, Qi"]
[Result "1/2-1/2"]
[WhiteTitle "WIM"]
[BlackTitle "IM"]
[WhiteElo "2079"]
[BlackElo "2369"]
[WhiteTeam "Chengdu"]
[BlackTeam "Jiangsu"]
[WhiteFideId "8608709"]
[BlackFideId "8604002"]
[EventDate "2023.06.05"]
[EventType "team"]

1. d4 d5 2. c4 e6 3. Nf3 Nf6 4. Bg5 dxc4 5. e3 b5 6. a4 c6 7. Nc3 a6 8. Be2 Bb7
9. O-O Nbd7 10. Qc2 Be7 11. e4 h6 12. Bh4 O-O 13. Rfd1 Nh5 14. Bxe7 Qxe7 15. Qd2
Rfd8 16. e5 f5 17. Qe3 b4 18. Nb1 Nb6 19. Qc1 c5 20. a5 Nd5 21. g3 Rac8 22. Nbd2
c3 23. Nc4 cxb2 24. Qxb2 Nc3 25. Rd3 Be4 26. Re3 cxd4 27. Nxd4 Rxd4 28. Nd6
Nxe2+ 29. Qxe2 Rc2 30. Qxh5 Bd5 31. Rb1 Rdd2 32. Rf3 Bxf3 33. Qxf3 Qa7 34. Rf1
Kh7 35. g4 Qd4 36. gxf5 Qxe5 37. Ne4 Rd4 38. Ng5+ hxg5 39. Qh5+ Kg8 40. Qe8+ 1/2-1/2

[Event "TCh-CHN DivA Regular"]
[Site "Fuling CHN"]
[Date "2023.06.16"]
[Round "10.4"]
[Board "1"]
[White "Liu, Yan"]
[Black "Xiang, Zeyu"]
[Result "1-0"]
[WhiteTitle "GM"]
[BlackTitle "IM"]
[WhiteElo "2545"]
[BlackElo "2397"]
[WhiteTeam "Chongqing Sports Lottery"]
[BlackTeam "Hangzhou"]
[WhiteFideId "8608962"]
[BlackFideId "8608547"]
[EventDate "2023.06.05"]
[EventType "team"]

1. c4 e6 2. g3 d5 3. Bg2 d4 4. d3 c5 5. e3 Nf6 6. f4 e5 7. fxe5 Nfd7 8. Qe2 Be7
9. Nf3 Nc6 10. exd4 cxd4 11. e6 fxe6 12. O-O e5 13. Nbd2 O-O 14. Ne4 h6 15. Bd2
a5 16. Nfg5 Bxg5 17. Nxg5 Nf6 18. Ne4 Nxe4 19. Bxe4 Be6 20. Qh5 Qe8 21. Rxf8+
Kxf8 22. Bg6 Qe7 23. Bxh6 gxh6 24. Qxh6+ Kg8 25. Rf1 Re8 26. Bxe8 Qxe8 27. Qg5+
Kh8 28. Rf6 Bg8 29. Qh6+ 1-0

[Event "TCh-CHN DivA Regular"]
[Site "Fuling CHN"]
[Date "2023.06.16"]
[Round "10.4"]
[Board "2"]
[White "Kong, Xiangrui"]
[Black "Bu, Xiangzhi"]
[Result "1/2-1/2"]
[BlackTitle "GM"]
[WhiteElo "2273"]
[BlackElo "2694"]
[WhiteTeam "Hangzhou"]
[BlackTeam "Chongqing Sports Lottery"]
[WhiteFideId "8632200"]
[BlackFideId "8601445"]
[EventDate "2023.06.05"]
[EventType "team"]

1. e4 e5 2. Nf3 Nc6 3. Bb5 a6 4. Ba4 g6 5. c3 Bg7 6. d4 exd4 7. cxd4 b5 8. Bc2
d5 9. exd5 Nce7 10. O-O Nf6 11. Nc3 O-O 12. Bg5 Nexd5 13. Ne4 Bf5 14. Nxf6+ Bxf6
15. Bxf5 Bxg5 16. Be4 c6 17. Re1 Bf6 18. a4 Qd6 19. Qb3 Rad8 20. axb5 axb5 21.
g3 Nb4 22. Rad1 Ra8 23. Ne5 Ra4 24. Bf3 Ra7 25. Kg2 Kg7 26. Ng4 Ra4 27. Nxf6
Qxf6 28. Qc3 Nd5 29. Bxd5 cxd5 30. Qc5 Rc4 31. Qxb5 Rxd4 32. Qc5 Rxd1 33. Rxd1
Qxb2 34. Qxd5 Qf6 1/2-1/2

[Event "TCh-CHN DivA Regular"]
[Site "Fuling CHN"]
[Date "2023.06.16"]
[Round "10.4"]
[Board "3"]
[White "Zeng, Chongsheng"]
[Black "Xie, Kaifan"]
[Result "1/2-1/2"]
[WhiteTitle "GM"]
[BlackTitle "CM"]
[WhiteElo "2581"]
[BlackElo "2278"]
[WhiteTeam "Chongqing Sports Lottery"]
[BlackTeam "Hangzhou"]
[WhiteFideId "8603847"]
[BlackFideId "8619107"]
[EventDate "2023.06.05"]
[EventType "team"]

1. e4 c6 2. d4 d5 3. Nc3 dxe4 4. Nxe4 Bf5 5. Ng3 Bg6 6. h4 h6 7. Nf3 e6 8. Ne5
Bh7 9. Bd3 Bxd3 10. Qxd3 Nd7 11. f4 Be7 12. Bd2 Nxe5 13. fxe5 Bxh4 14. O-O-O
Bxg3 15. Qxg3 Ne7 16. Qa3 Qd5 17. g4 Ng6 18. Bb4 a6 19. Bc5 Rd8 20. Qb4 Qxa2 21.
b3 Nf4 22. Kd2 Nd5 23. Qxb7 Qa5+ 24. Ke2 Qc3 25. Qxc6+ Rd7 26. Qc8+ Rd8 27. Qc6+
Rd7 28. Qc8+ Rd8 29. Qc6+ 1/2-1/2

[Event "TCh-CHN DivA Regular"]
[Site "Fuling CHN"]
[Date "2023.06.16"]
[Round "10.4"]
[Board "4"]
[White "Lu, Miaoyi"]
[Black "Wang, Chuqiao"]
[Result "1-0"]
[WhiteTitle "WIM"]
[WhiteElo "2176"]
[BlackElo "2061"]
[WhiteTeam "Hangzhou"]
[BlackTeam "Chongqing Sports Lottery"]
[WhiteFideId "8618020"]
[BlackFideId "8631638"]
[EventDate "2023.06.05"]
[EventType "team"]

1. e4 e5 2. Nf3 Nc6 3. Bc4 Bc5 4. c3 Nf6 5. d3 d6 6. b4 Bb6 7. a4 a5 8. b5 Ne7
9. O-O Ng6 10. Nbd2 O-O 11. Bb3 d5 12. exd5 Nxd5 13. Ne4 Ndf4 14. Ba3 Re8 15.
Nfg5 Ne6 16. Qh5 h6 17. Nxf7 Kxf7 18. Qf5+ Kg8 19. Qxg6 Kh8 20. Nf6 gxf6 21.
Qxh6+ Kg8 22. Qg6+ Kh8 23. Rae1 Qd7 24. Re4 Nf4 25. Rxf4 exf4 26. Bf8 Rxf8 27.
Qh6+ 1-0

[Event "TCh-CHN DivA Regular"]
[Site "Fuling CHN"]
[Date "2023.06.16"]
[Round "10.4"]
[Board "5"]
[White "Huang, Qian"]
[Black "Zhao, Shengxin"]
[Result "1-0"]
[WhiteTitle "WGM"]
[BlackTitle "WFM"]
[WhiteElo "2431"]
[BlackElo "2156"]
[WhiteTeam "Chongqing Sports Lottery"]
[BlackTeam "Hangzhou"]
[WhiteFideId "8602689"]
[BlackFideId "8608040"]
[EventDate "2023.06.05"]
[EventType "team"]

1. c4 c6 2. d4 d5 3. Nf3 Nf6 4. Nc3 e6 5. Bg5 Nbd7 6. e3 Be7 7. Qc2 O-O 8. a3 b6
9. cxd5 cxd5 10. Bd3 Bb7 11. O-O h6 12. Bf4 Ne8 13. Rfc1 Bd6 14. Bxd6 Nxd6 15.
Nb5 Rc8 16. Qa4 Bc6 17. Qb4 Nxb5 18. Bxb5 a5 19. Qa4 Bxb5 20. Qxb5 Rc7 21. Rc3
Rxc3 22. bxc3 Qc7 23. Rc1 Rc8 24. Nd2 Qc6 25. Qxc6 Rxc6 26. a4 Nf6 27. Kf1 Ne8
28. c4 Kf8 29. Ke2 f5 30. Kd3 Nc7 31. f3 Ke7 32. e4 Na6 33. Re1 fxe4+ 34. fxe4
dxc4+ 35. Nxc4 Nb4+ 36. Kc3 Nc2 37. Rc1 Ne3 38. Kb3 g5 39. g3 e5 40. d5 Rc5 41.
Rc3 Ng4 42. Rf3 Nxh2 43. Rf5 Ng4 44. Nxe5 Nxe5 45. Rxe5+ Kd7 46. Re6 Rc1 47.
Rxh6 Re1 48. Re6 g4 49. Kc4 Ra1 50. Kd4 Rxa4+ 51. Ke5 Rb4 52. Rg6 a4 53. Rg7+
Kc8 54. d6 a3 55. Rc7+ Kd8 56. Ra7 Rb5+ 57. Ke6 Ra5 58. Rh7 Kc8 59. d7+ Kc7 60.
Rh8 1-0

[Event "TCh-CHN DivA Regular"]
[Site "Fuling CHN"]
[Date "2023.06.16"]
[Round "10.5"]
[Board "1"]
[White "Wang, Yue"]
[Black "Wang, Hao"]
[Result "1/2-1/2"]
[WhiteTitle "GM"]
[BlackTitle "GM"]
[WhiteElo "2674"]
[BlackElo "2722"]
[WhiteTeam "Tianjin"]
[BlackTeam "Shenzhen Pengcheng"]
[WhiteFideId "8601429"]
[BlackFideId "8602883"]
[EventDate "2023.06.05"]
[EventType "team"]

1. d4 Nf6 2. c4 e6 3. g3 d5 4. Nf3 Be7 5. Bg2 O-O 6. O-O dxc4 7. Qc2 a6 8. a4
Bd7 9. Qxc4 Bc6 10. Bf4 Bd6 11. Bg5 Nbd7 12. Nc3 h6 13. Bxf6 Nxf6 14. Rfe1 Bxf3
15. Bxf3 c6 16. a5 Qe7 17. Red1 Rfd8 18. e3 g6 19. h4 h5 20. Kg2 Kg7 21. Ne4
Nxe4 22. Bxe4 Bb4 23. Ra4 Bd6 24. Raa1 Bb4 25. Ra4 Bd6 26. Raa1 1/2-1/2

[Event "TCh-CHN DivA Regular"]
[Site "Fuling CHN"]
[Date "2023.06.16"]
[Round "10.5"]
[Board "2"]
[White "Xue, Haowen"]
[Black "Dai, Changren"]
[Result "1-0"]
[BlackTitle "GM"]
[WhiteElo "2341"]
[BlackElo "2515"]
[WhiteTeam "Shenzhen Pengcheng"]
[BlackTeam "Tianjin"]
[WhiteFideId "8625492"]
[BlackFideId "8608156"]
[EventDate "2023.06.05"]
[EventType "team"]

1. d4 d5 2. c4 c6 3. Nc3 Nf6 4. Nf3 e6 5. Qd3 Be7 6. g3 b6 7. Bg2 Ba6 8. b3 b5
9. cxb5 cxb5 10. Qd1 b4 11. Na4 Nbd7 12. O-O Bb5 13. Nb2 Ne4 14. Nd3 O-O 15. a4
Ba6 16. Bb2 Rc8 17. Rc1 Qa5 18. Re1 Rxc1 19. Qxc1 Rc8 20. Qe3 Rc2 21. Rc1 Bxd3
22. exd3 Rxc1+ 23. Qxc1 Nc3 24. Qe1 Bf6 25. h4 Qc7 26. Bh3 Nb6 27. Kg2 a5 28.
Bc1 Qc6 29. g4 Nd7 30. Bf4 Be7 31. Ne5 Nxe5 32. Qxe5 f6 33. Qb8+ Kf7 34. Qh8 e5
35. Bd2 Nb1 36. Be3 exd4 37. Bf4 Bd6 38. Bxd6 Qxd6 39. Qxh7 Nd2 40. g5 fxg5 41.
Qf5+ Ke8 42. Qxg5 Qh6 43. Qe5+ Kf8 44. Qb8+ Kf7 45. Qb7+ Kg6 46. Qxd5 Qh5 47.
Qe6+ Kh7 48. Bf5+ 1-0

[Event "TCh-CHN DivA Regular"]
[Site "Fuling CHN"]
[Date "2023.06.16"]
[Round "10.5"]
[Board "3"]
[White "Chu, Wei Chao"]
[Black "Zhou, Weiqi"]
[Result "1/2-1/2"]
[WhiteTitle "IM"]
[BlackTitle "GM"]
[WhiteElo "2411"]
[BlackElo "2604"]
[WhiteTeam "Tianjin"]
[BlackTeam "Shenzhen Pengcheng"]
[WhiteFideId "8605661"]
[BlackFideId "8601674"]
[EventDate "2023.06.05"]
[EventType "team"]

1. Nf3 Nf6 2. g3 b5 3. Bg2 Bb7 4. d4 e6 5. O-O c5 6. c3 Na6 7. Re1 Be7 8. Nbd2
d5 9. Ne5 O-O 10. a4 b4 11. Nb3 bxc3 12. bxc3 Ne4 13. Nd2 cxd4 14. Nxe4 dxe4 15.
Rb1 Qc7 16. cxd4 Nb4 17. Ba3 a5 18. Qd2 Rfd8 19. Qf4 f6 20. Rec1 Qd6 21. Nc4
Qxf4 22. gxf4 Rxd4 23. e3 Rd3 24. Nxa5 Rxa3 25. Nxb7 f5 26. a5 Nd3 27. Rc2 Bh4
28. Bf1 Rb8 29. Nd6 Rd8 30. Nc4 Ra4 31. a6 Bf6 32. f3 exf3 33. Bxd3 Rxd3 34.
Rb8+ Kf7 35. Rb7+ Kg6 36. a7 Rd1+ 37. Kf2 Rda1 38. Rb6 Rxa7 39. Rxe6 R7a2 40.
Rxa2 Rxa2+ 41. Kxf3 Rxh2 42. Ra6 Kh5 43. Ra5 g6 44. e4 Rh3+ 45. Ke2 Rc3 46. Ne3
Bd4 47. Nd5 Rc6 48. Kf3 Bc3 49. Ra3 fxe4+ 50. Kxe4 Rc4+ 51. Kf3 Bd4 52. Rb3 Ra4
53. Rb1 Kh6 54. Rb7 Ra3+ 55. Ke4 Ra4 56. Rb4 Rxb4 57. Nxb4 Bf6 58. Kf3 Kg7 59.
Nd5 h5 60. Ne3 Bd8 61. Nd5 Bf6 62. Ne3 Kf7 63. Ng2 Ke6 64. f5+ Kxf5 65. Nf4 g5
66. Nxh5 g4+ 67. Kg2 Be5 68. Ng3+ Bxg3 69. Kxg3 1/2-1/2

[Event "TCh-CHN DivA Regular"]
[Site "Fuling CHN"]
[Date "2023.06.16"]
[Round "10.5"]
[Board "4"]
[White "Song, Yuxin"]
[Black "Xiao, Yiyi"]
[Result "0-1"]
[WhiteTitle "WIM"]
[BlackTitle "WGM"]
[WhiteElo "2353"]
[BlackElo "2331"]
[WhiteTeam "Shenzhen Pengcheng"]
[BlackTeam "Tianjin"]
[WhiteFideId "8614300"]
[BlackFideId "8606161"]
[EventDate "2023.06.05"]
[EventType "team"]

1. e4 d6 2. d4 Nf6 3. Nc3 e5 4. Nf3 exd4 5. Nxd4 Be7 6. Bf4 O-O 7. Qd2 Nc6 8.
O-O-O Nxd4 9. Qxd4 a6 10. f3 b5 11. e5 dxe5 12. Qxd8 Rxd8 13. Bxe5 Rxd1+ 14.
Nxd1 c6 15. Ne3 Be6 16. a3 Bc5 17. Kd2 Nd7 18. Bf4 Rd8 19. Bc7 Re8 20. Bd3 Bd4
21. Nd1 Nc5 22. Be2 Na4 23. b3 Nb6 24. Re1 Nd5 25. Bg3 Bc5 26. b4 Be7 27. f4 c5
28. c3 Rd8 29. Kc1 cxb4 30. axb4 Bf6 31. Kc2 Rc8 32. Bf3 Nxc3 33. Bb7 Rc4 34.
Ne3 Rxb4 35. f5 Bb3+ 36. Kd3 Na4 37. Rc1 Bc4+ 38. Kd2 Nc5 39. Nxc4 Nb3+ 40. Kd1
Nxc1 41. Ne3 Na2 42. Bxa6 Rd4+ 43. Ke2 b4 44. Nc2 b3 45. Nxd4 b2 46. Bd3 Nc1+
47. Kd2 Nxd3 48. Kc2 Bxd4 0-1

[Event "TCh-CHN DivA Regular"]
[Site "Fuling CHN"]
[Date "2023.06.16"]
[Round "10.5"]
[Board "5"]
[White "Zhang, Xiaowen"]
[Black "Li, Xueyi"]
[Result "1/2-1/2"]
[WhiteTitle "WGM"]
[BlackTitle "WGM"]
[WhiteElo "2266"]
[BlackElo "2291"]
[WhiteTeam "Tianjin"]
[BlackTeam "Shenzhen Pengcheng"]
[WhiteFideId "8603219"]
[BlackFideId "8605912"]
[EventDate "2023.06.05"]
[EventType "team"]

1. e4 c6 2. d4 d5 3. Nd2 dxe4 4. Nxe4 Nf6 5. Nxf6+ exf6 6. c3 Bd6 7. Bd3 O-O 8.
Qc2 Re8+ 9. Ne2 h5 10. O-O h4 11. h3 Nd7 12. Bd2 Nf8 13. Rae1 Bc7 14. f4 g6 15.
f5 g5 16. Qd1 Qd6 17. Nf4 Bd7 18. Qg4 Nh7 19. Bc4 b5 20. Bb3 c5 21. Nh5 Qh2+ 22.
Kf2 c4 23. Bc2 Bc6 24. Be4 Bg3+ 25. Nxg3 Qxg3+ 26. Qxg3 hxg3+ 27. Kf3 Rxe4 28.
Rxe4 Re8 29. Re1 g4+ 30. hxg4 Ng5+ 31. Bxg5 fxg5 32. Re2 Bd5 33. Re1 1/2-1/2